[Event "2016 Canadian Open"]
[Site "Windsor"]
[Date "2016.07.12"]
[Round "3"]
[White "McNamara, Tanner"]
[Black "Banerjee, Bitan"]
[Result "0-1"]
[WhiteElo "2047"]
[BlackElo "2420"]
[PlyCount "56"]
[EventDate "2016.07.10"]
[EventType "swiss"]
[EventRounds "9"]
[EventCountry "CAN"]
[SourceTitle "hb 2016"]

1. d4 Nf6 2. c4 g6 3. Nc3 Bg7 4. e4 d6 5. Nf3 O-O 6. h3 Na6 7. Be3 e5 8. d5 Nh5
9. g3 f5 10. exf5 gxf5 11. Ng5 Nf6 12. g4 h6 13. Ne6 Bxe6 14. dxe6 f4 15. Bc1
Nc5 16. h4 Nxe6 17. g5 hxg5 18. hxg5 Nxg5 19. Nd5 c6 20. Nxf6+ Qxf6 21. Qh5 e4
22. Bh3 Rae8 23. Kf1 Re5 24. Qg4 e3 25. Rb1 Qg6 26. Ra1 e2+ 27. Ke1 Qd3 28. Bd2
Nf3+ 0-1

[Event "2016 Canadian Open"]
[Site "Windsor"]
[Date "2016.07.12"]
[Round "3"]
[White "Shi, Diwen"]
[Black "Song, Edward"]
[Result "1/2-1/2"]
[WhiteElo "2132"]
[BlackElo "2305"]
[PlyCount "148"]
[EventDate "2016.07.10"]
[EventType "swiss"]
[EventRounds "9"]
[EventCountry "CAN"]

1. e4 c5 2. Nf3 d6 3. d4 cxd4 4. Nxd4 Nf6 5. Nc3 a6 6. Be2 e5 7. Nb3 Be7 8. Bg5
Be6 9. Bxf6 Bxf6 10. Qd3 O-O 11. O-O-O Be7 12. Nd5 Bxd5 13. Qxd5 Qb6 14. Rhf1
Nd7 15. Kb1 Nf6 16. Qd3 Rfd8 17. Bf3 a5 18. Nd2 a4 19. Nc4 Qc5 20. Ne3 a3 21.
b3 Rdc8 22. Nf5 Bf8 23. Ne3 b5 24. g4 Ne8 25. g5 Nc7 26. Bg4 Rd8 27. c3 Ne6 28.
b4 Qc6 29. Bxe6 fxe6 30. f4 Rac8 31. Rc1 exf4 32. Rxf4 Be7 33. h4 Rf8 34. Rxf8+
Rxf8 35. Rf1 Rc8 36. Rc1 Rf8 37. Rf1 Rc8 38. Rc1 Bd8 39. Nc2 Qxc3 40. Qxc3 Rxc3
41. Nxa3 Rxa3 42. Rc8 Ra4 43. Rxd8+ Kf7 44. a3 Rxa3 45. Rd7+ Kf8 46. Rxd6 Ke7
47. Rb6 Rb3+ 48. Kc2 Rxb4 49. Rb7+ Kf8 50. Kd3 Rb3+ 51. Kd4 Rh3 52. Ke5 Rxh4
53. Kxe6 Rxe4+ 54. Kf5 Rb4 55. Ke6 Re4+ 56. Kf5 Re1 57. Rxb5 Rf1+ 58. Ke6 Re1+
59. Kf5 Kf7 60. Rb7+ Re7 61. Rb6 Ra7 62. Kg4 Ra4+ 63. Kf5 Ra5+ 64. Kg4 Re5 65.
Kf4 Re6 66. Rb4 Kg6 67. Kg4 Ra6 68. Rc4 Rb6 69. Ra4 Rc6 70. Rb4 Re6 71. Ra4 Re5
72. Ra6+ Kf7 73. Kf4 Re6 74. Ra4 Kg6 1/2-1/2

[Event "2016 Canadian Open"]
[Site "Windsor"]
[Date "2016.07.13"]
[Round "4"]
[White "Doknjas, Joshua"]
[Black "Shi, Diwen"]
[Result "0-1"]
[WhiteElo "2131"]
[BlackElo "2132"]
[PlyCount "68"]
[EventDate "2016.07.10"]
[EventType "swiss"]
[EventRounds "9"]
[EventCountry "CAN"]

1. e4 c5 2. Nf3 g6 3. c3 d5 4. exd5 Qxd5 5. Na3 Bg7 6. Bc4 Qe5+ 7. Be2 Nf6 8.
d3 Qd5 9. O-O O-O 10. Bf4 Nc6 11. Nc4 Bf5 12. Ne3 Qd7 13. Nxf5 Qxf5 14. Bg3
Rfd8 15. Qb3 Qd5 16. Nd2 Rac8 17. Rfe1 b6 18. Rad1 Nh5 19. Bg4 e6 20. Qxd5 Rxd5
21. Rxe6 Nxg3 22. hxg3 h5 23. Bh3 Rxd3 24. Re3 Rcd8 25. Rxd3 Rxd3 26. Kf1 Bh6
27. Ke2 Rxd2+ 28. Rxd2 Bxd2 29. Kxd2 f5 30. f3 Ne5 31. Ke3 Kf7 32. Kf4 Kf6 33.
g4 g5+ 34. Ke3 fxg4 0-1

[Event "2016 Canadian Open"]
[Site "Windsor"]
[Date "2016.07.14"]
[Round "5"]
[White "MacDonald, Jonathan"]
[Black "Banerjee, Bitan"]
[Result "0-1"]
[WhiteElo "2049"]
[BlackElo "2420"]
[PlyCount "88"]
[EventDate "2016.07.10"]
[EventType "swiss"]
[EventRounds "9"]
[EventCountry "CAN"]
[SourceTitle "hb 2016"]

1. d4 Nf6 2. Bg5 e6 3. e4 h6 4. Bxf6 Qxf6 5. Nc3 d6 6. Nf3 g6 7. Bb5+ c6 8. e5
Qd8 9. Bd3 d5 10. O-O b6 11. Ne2 Ba6 12. Nf4 Be7 13. c3 Bxd3 14. Qxd3 h5 15. h4
Rg8 16. g3 a5 17. Nh3 Kf8 18. Nfg5 Kg7 19. f4 Qd7 20. Rf3 c5 21. Raf1 Nc6 22.
f5 gxf5 23. Rxf5 exf5 24. Rxf5 Bxg5 25. Nxg5 Raf8 26. Rf6 Rh8 27. e6 Qe7 28.
Rxf7+ Rxf7 29. exf7 Qf6 30. f8=Q+ Kxf8 31. Nh7+ Rxh7 32. Qxh7 cxd4 33. cxd4
Qxd4+ 34. Kh2 Qxb2+ 35. Kh3 Qf6 36. Qxh5 Ne5 37. Qe2 d4 38. h5 Qf5+ 39. g4 Qf4
40. Kg2 Qxg4+ 41. Qxg4 Nxg4 42. Kf3 Ne5+ 43. Ke4 d3 44. Ke3 Kg7 0-1

[Event "2016 Canadian Open"]
[Site "Windsor"]
[Date "2016.07.14"]
[Round "5"]
[White "Shi, Diwen"]
[Black "Ivanov, Mike"]
[Result "1/2-1/2"]
[WhiteElo "2132"]
[BlackElo "2260"]
[PlyCount "75"]
[EventDate "2016.07.10"]
[EventType "swiss"]
[EventRounds "9"]
[EventCountry "CAN"]

1. e4 e6 2. d4 d5 3. Nc3 Bb4 4. exd5 exd5 5. Bd3 Nc6 6. a3 Be7 7. Bf4 Be6 8.
Nf3 Bf6 9. h3 Nge7 10. Ne2 Qd7 11. g4 g6 12. Bh6 Ng8 13. Be3 h5 14. g5 Bg7 15.
Nf4 Bf5 16. Qe2 Nge7 17. O-O-O O-O-O 18. Bb5 a6 19. Ba4 Qd6 20. Rhe1 Kb8 21.
Qd2 Nc8 22. Qc3 b5 23. Bb3 Nb6 24. Nh4 Ne7 25. Nfg2 Rhe8 26. Bf4 Qd7 27. Re3
Be6 28. Ne1 Nf5 29. Nxf5 Bxf5 30. h4 Rxe3 31. fxe3 Re8 32. Kb1 Re6 33. Nd3 Bxd3
34. cxd3 Kb7 35. Rc1 Rc6 36. Qxc6+ Qxc6 37. Rxc6 Kxc6 38. Kc2 1/2-1/2

[Event "2016 Canadian Open"]
[Site "Windsor"]
[Date "2016.07.15"]
[Round "6"]
[White "Li, Yinshi"]
[Black "Banerjee, Bitan"]
[Result "0-1"]
[WhiteElo "2076"]
[BlackElo "2368"]
[PlyCount "106"]
[EventDate "2016.07.10"]
[EventType "swiss"]
[EventRounds "9"]
[EventCountry "CAN"]

1. d4 Nf6 2. c4 g6 3. Nc3 Bg7 4. g3 O-O 5. Bg2 d6 6. e3 Nbd7 7. Nge2 e5 8. O-O
Re8 9. Qc2 exd4 10. Nxd4 Nc5 11. b3 a5 12. Bb2 h5 13. Rad1 Bg4 14. Bf3 c6 15.
Rd2 h4 16. Bxg4 Nxg4 17. Qd1 Qd7 18. Nf3 hxg3 19. hxg3 Rad8 20. Nh2 Nxh2 21.
Kxh2 Qf5 22. Kg2 d5 23. cxd5 Bxc3 24. Bxc3 Ne4 25. Rc2 Rxd5 26. Qf3 Qxf3+ 27.
Kxf3 Nxc3 28. Rxc3 Rd2 29. a4 Re6 30. Rc5 b6 31. Rc3 c5 32. e4 Red6 33. Ke3 Rb2
34. f4 Rd4 35. Kf3 Rb4 36. Rd1 R2xb3 37. Rxb3 Rxb3+ 38. Kf2 Rb4 39. Rd6 Rxe4
40. Rxb6 Rxa4 41. Rb5 c4 42. Rc5 Kg7 43. g4 Kf6 44. Kf3 Ke6 45. Rc6+ Kd5 46.
Rf6 c3 47. Rxf7 Rc4 48. Rd7+ Kc5 49. Rd1 c2 50. Rc1 Kb4 51. f5 gxf5 52. gxf5
Kb3 53. f6 Kb2 0-1

[Event "2016 Canadian Open"]
[Site "Windsor"]
[Date "2016.07.15"]
[Round "6"]
[White "Peredun, Andrew"]
[Black "Shi, Diwen"]
[Result "1-0"]
[WhiteElo "2283"]
[BlackElo "2132"]
[PlyCount "39"]
[EventDate "2016.07.10"]
[EventType "swiss"]
[EventRounds "9"]
[EventCountry "CAN"]

1. e4 c5 2. Nf3 g6 3. d4 cxd4 4. c3 d5 5. exd5 Qxd5 6. cxd4 Bg7 7. Nc3 Qa5 8.
Bc4 Nc6 9. Qb3 e6 10. d5 Nce7 11. dxe6 Bxe6 12. Bxe6 fxe6 13. O-O Bxc3 14. bxc3
Qb6 15. Qa4+ Nc6 16. Be3 Qa6 17. Qe4 O-O-O 18. Qxe6+ Kb8 19. Ne5 Nge7 20. Nf7
1-0

[Event "2016 Canadian Open"]
[Site "Windsor"]
[Date "2016.07.16"]
[Round "7"]
[White "Banerjee, Bitan"]
[Black "Doknjas, John"]
[Result "1-0"]
[WhiteElo "2368"]
[BlackElo "2133"]
[PlyCount "69"]
[EventDate "2016.07.10"]
[EventType "swiss"]
[EventRounds "9"]
[EventCountry "CAN"]

1. d4 Nf6 2. c4 c5 3. d5 e6 4. Nc3 exd5 5. cxd5 d6 6. Nf3 g6 7. Bf4 a6 8. a4
Bg7 9. h3 O-O 10. e3 Re8 11. Nd2 Nbd7 12. Be2 Ne5 13. O-O Nfd7 14. Qc2 f5 15.
Bg3 Nf6 16. a5 Rb8 17. Ra3 h5 18. Rd1 g5 19. f4 gxf4 20. Bxf4 b5 21. axb6 Qxb6
22. Bxe5 dxe5 23. Nc4 Qd8 24. d6 e4 25. d7 Bxd7 26. Rxa6 Rf8 27. Ne5 Rb7 28.
Ng6 Re8 29. Nf4 Qb8 30. Bc4+ Kh7 31. Rxf6 Bxf6 32. Qe2 Kg7 33. Qxh5 Re6 34.
Qg6+ Kh8 35. Qh6+ 1-0

[Event "2016 Canadian Open"]
[Site "Windsor"]
[Date "2016.07.16"]
[Round "7"]
[White "Shi, Diwen"]
[Black "Cherniaev, Alexander"]
[Result "0-1"]
[WhiteElo "2132"]
[BlackElo "2451"]
[PlyCount "100"]
[EventDate "2016.07.10"]
[EventType "swiss"]
[EventRounds "9"]
[EventCountry "CAN"]

1. e4 g6 2. d4 Bg7 3. Nc3 a6 4. f4 b5 5. Nf3 Bb7 6. Bd3 d6 7. e5 Nd7 8. Qe2 c5
9. Ng5 cxd4 10. e6 f6 11. exd7+ Qxd7 12. Ne6 dxc3 13. Qg4 Qc6 14. Nxg7+ Kf7 15.
Ne6 Nh6 16. Qh3 Qxg2 17. Qxg2 Bxg2 18. Rg1 Bb7 19. Nd4 cxb2 20. Bxb2 e5 21.
fxe5 dxe5 22. Nb3 Rhc8 23. O-O-O Rc7 24. Na5 Bf3 25. Rde1 Bg4 26. Rgf1 Bf5 27.
Bxf5 gxf5 28. Kb1 Rac8 29. Re2 f4 30. Nb3 Ng4 31. Nc1 Rxc2 32. Rxc2 Rxc2 33.
Kxc2 Ne3+ 34. Kd3 Nxf1 35. h3 Ke6 36. Ke2 Ne3 37. Nd3 Nc4 38. Bc1 a5 39. Nb2
Kd5 40. Nxc4 Kxc4 41. Bb2 b4 42. Kd2 a4 43. a3 bxa3 44. Bxa3 Kb3 45. Be7 f5 46.
Bd6 e4 47. Bxf4 a3 48. Be5 a2 49. Bd4 f4 50. Be5 f3 0-1

[Event "2016 Canadian Open"]
[Site "Windsor"]
[Date "2016.07.17"]
[Round "9"]
[White "Antal, Gergely"]
[Black "Banerjee, Bitan"]
[Result "1-0"]
[WhiteElo "2545"]
[BlackElo "2368"]
[PlyCount "73"]
[EventDate "2016.07.10"]
[EventType "swiss"]
[EventRounds "9"]
[EventCountry "CAN"]

1. e4 e6 2. d4 d5 3. Nd2 Nf6 4. e5 Nfd7 5. Bd3 c5 6. c3 Nc6 7. Ne2 cxd4 8. cxd4
f6 9. exf6 Nxf6 10. O-O Bd6 11. Nf3 Qc7 12. Bg5 O-O 13. Bh4 Nh5 14. Qc2 h6 15.
Bh7+ Kh8 16. Bg6 Rxf3 17. Bxh5 Rf8 18. Bg3 Bd7 19. a3 Rac8 20. Rac1 Qb8 21. Qd2
Rf6 22. Rc3 Rcf8 23. Re3 b6 24. Bg4 Na5 25. b3 Nb7 26. a4 b5 27. a5 b4 28. Be5
Rg6 29. Bh5 Rg5 30. Rh3 Rff5 31. Ng3 Bxe5 32. dxe5 Rxg3 33. hxg3 Nc5 34. Bg6
Qxe5 35. Bxf5 exf5 36. Qf4 Qe2 37. Qd6 1-0

[Event "2016 Canadian Open"]
[Site "Windsor"]
[Date "2016.07.17"]
[Round "9"]
[White "Shi, Diwen"]
[Black "Li, Yinshi"]
[Result "1/2-1/2"]
[WhiteElo "2224"]
[BlackElo "2198"]
[PlyCount "36"]
[EventDate "2016.07.10"]
[EventType "swiss"]
[EventRounds "9"]
[EventCountry "CAN"]
[SourceTitle "hb 2016"]

1. e4 e6 2. Nf3 d5 3. exd5 exd5 4. d4 Bd6 5. Bd3 Nc6 6. O-O Nge7 7. Re1 Bg4 8.
c3 Qd7 9. h3 Bf5 10. Ne5 Nxe5 11. dxe5 Bc5 12. Be3 Bxe3 13. Rxe3 Bxd3 14. Qxd3
O-O-O 15. Nd2 d4 16. cxd4 Nf5 17. Ree1 Nxd4 18. Nb3 Nxb3 1/2-1/2

[Event "2016 Alberta Women's Championship"]
[Site "Edmonton"]
[Date "2016.08.27"]
[Round "1"]
[White "Jindal, Tanushka"]
[Black "Mo, Michelle"]
[Result "0-1"]
[WhiteElo "897"]
[BlackElo "1534"]
[PlyCount "100"]
[EventDate "2016.08.27"]
[EventType "tourn"]
[EventRounds "3"]
[EventCountry "CAN"]

1. e4 c5 2. Nf3 d6 3. Nc3 Nf6 4. Be2 e6 5. O-O Be7 6. d3 Nc6 7. Be3 a6 8. a4
Bd7 9. Qd2 O-O 10. Rfe1 Qc7 11. Na2 b5 12. b3 b4 13. c3 a5 14. Rec1 e5 15. d4
exd4 16. cxd4 Nxe4 17. Qd3 Bf5 18. dxc5 dxc5 19. Qd5 Bg6 20. Bd3 Rad8 21. Qc4
Nd6 22. Qxc5 Bxd3 23. Qxc6 Qxc6 24. Rxc6 Be4 25. Rc7 Bf6 26. Rd1 Nf5 27. Rcd7
Bc2 28. R1d2 Bxb3 29. Rxd8 Rxd8 30. Rxd8+ Bxd8 31. Nc1 Bxa4 32. Nd2 Nxe3 33.
fxe3 Bb5 34. g4 a4 35. Kg2 Bb6 36. Kf3 Kf8 37. h4 Bc6+ 38. Ke2 Bc5 39. Kd3 Bd5
40. e4 Be6 41. g5 h6 42. e5 hxg5 43. hxg5 Kg8 44. Ne4 Be7 45. Kd4 a3 46. Nd6 b3
47. Nxb3 Bxb3 48. Kc3 a2 49. Kb2 Bxg5 50. Ne4 Be3 0-1

[Event "2016 Alberta Women's Championship"]
[Site "Edmonton"]
[Date "2016.08.27"]
[Round "1"]
[White "Matras-Clement, Agnieszka"]
[Black "Chao, Lucy"]
[Result "1-0"]
[WhiteElo "2308"]
[BlackElo "1410"]
[PlyCount "123"]
[EventDate "2016.08.27"]
[EventType "tourn"]
[EventRounds "3"]
[EventCountry "CAN"]

1. e4 d6 2. d4 Nf6 3. Nc3 e5 4. Nf3 Nbd7 5. Bc4 Be7 6. O-O O-O 7. h3 c6 8. a4
b6 9. Qe2 Bb7 10. Rd1 Qc7 11. Ba2 Rfd8 12. Qc4 Rf8 13. Ng5 exd4 14. Nb5 Qb8 15.
Nxd4 d5 16. exd5 cxd5 17. Qe2 Qe5 18. Qxe5 Nxe5 19. Re1 Ng6 20. c3 Rfe8 21. Be3
h6 22. Ngf3 Bd6 23. Nf5 Bc5 24. N3d4 Ne7 25. Nxe7+ Rxe7 26. b4 Bd6 27. Nf5 Rd7
28. Bd4 Kh7 29. Nxd6 Rxd6 30. Re7 Bc6 31. Rxf7 Bxa4 32. Bxf6 Rxf6 33. Rxf6 gxf6
34. Bb1+ Kg7 35. Rxa4 a5 36. bxa5 Rxa5 37. Rxa5 bxa5 38. Ba2 Kf7 39. Bxd5+ Ke7
40. Kf1 Kd6 41. Ba2 Kc5 42. Ke2 Kd6 43. f4 Kc5 44. g4 Kd6 45. Kd3 Kc5 46. Ke4
Kd6 47. Kf5 Ke7 48. Bb3 a4 49. Bxa4 Kf7 50. c4 Ke7 51. c5 Kd8 52. Kxf6 Kc7 53.
Ke7 Kc8 54. f5 Kc7 55. f6 h5 56. gxh5 Kc8 57. f7 Kc7 58. f8=Q Kb7 59. Qf3+ Kc7
60. Qc6+ Kb8 61. Qb6+ Kc8 62. Bd7# 1-0

[Event "2016 Alberta Women's Championship"]
[Site "Edmonton"]
[Date "2016.08.27"]
[Round "2"]
[White "Jindal, Tanushka"]
[Black "Matras-Clement, Agnieszka"]
[Result "0-1"]
[WhiteElo "897"]
[BlackElo "2308"]
[PlyCount "32"]
[EventDate "2016.08.27"]
[EventType "tourn"]
[EventRounds "3"]
[EventCountry "CAN"]

1. e4 c6 2. Nf3 d5 3. exd5 cxd5 4. Be2 Nc6 5. b3 e5 6. d3 Nf6 7. Bb2 Bd6 8.
Nbd2 O-O 9. O-O Re8 10. Re1 e4 11. dxe4 dxe4 12. Ng5 Be5 13. Ngxe4 Bxb2 14.
Nxf6+ Bxf6 15. Rb1 Bf5 16. Qc1 Bg5 0-1

[Event "2016 Alberta Women's Championship"]
[Site "Edmonton"]
[Date "2016.08.27"]
[Round "2"]
[White "Mo, Michelle"]
[Black "Chao, Lucy"]
[Result "1-0"]
[WhiteElo "1534"]
[BlackElo "1410"]
[PlyCount "147"]
[EventDate "2016.08.27"]
[EventType "tourn"]
[EventRounds "3"]
[EventCountry "CAN"]

1. e4 Nc6 2. Nf3 d6 3. Bb5 g6 4. d4 Bd7 5. c3 Bg7 6. Be3 Nf6 7. Nbd2 O-O 8. O-O
a6 9. Bxc6 Bxc6 10. e5 dxe5 11. Nxe5 Be8 12. Ndf3 Nd7 13. Qe2 Nxe5 14. Nxe5 Qd5
15. Qg4 Bb5 16. Rfe1 Bxe5 17. dxe5 Rfd8 18. b3 Qxe5 19. c4 Bc6 20. Bg5 Qc3 21.
Bxe7 Re8 22. Qh4 Rad8 23. h3 Rd7 24. Qf6 Qd2 25. Re3 Rd6 26. Bxd6 Rxe3 27. Bf4
Re1+ 28. Rxe1 Qxe1+ 29. Kh2 Qxf2 30. Qg5 h6 31. Qg4 f5 32. Qxg6+ Kf8 33. Qxf5+
Ke8 34. Qe6+ Kd8 35. Qf6+ Kd7 36. Qf5+ Ke8 37. Qc8+ Ke7 38. Qxc7+ Ke8 39. Qe5+
Kd7 40. Qf5+ Ke8 41. Qe6+ Kd8 42. Qg8+ Ke7 43. Qg3 Qxg3+ 44. Kxg3 h5 45. h4 Be4
46. a3 Bc2 47. b4 Ba4 48. Be3 Kf6 49. Kf4 Bc6 50. g3 Ba4 51. Bd4+ Kg6 52. Ke5
Bb3 53. c5 Ba4 54. Kd6 Bb5 55. Kc7 Bc6 56. Kb6 Kf5 57. Be3 Kg4 58. Bf4 Kf5 59.
Ka5 Kg4 60. a4 Kf5 61. b5 axb5 62. axb5 Bd5 63. Kb6 Ke6 64. c6 bxc6 65. bxc6
Ke7 66. c7 Be6 67. Kb7 Bd5+ 68. Kb8 Be6 69. c8=Q Bxc8 70. Kxc8 Kf6 71. Kd7 Kf5
72. Ke7 Kg4 73. Kf6 Kh3 74. Kg5 1-0

[Event "2016 Alberta Women's Championship"]
[Site "Edmonton"]
[Date "2016.08.27"]
[Round "3"]
[White "Chao, Lucy"]
[Black "Jindal, Tanushka"]
[Result "1-0"]
[WhiteElo "1410"]
[BlackElo "897"]
[PlyCount "75"]
[EventDate "2016.08.27"]
[EventType "tourn"]
[EventRounds "3"]
[EventCountry "CAN"]

1. e4 e5 2. Nf3 Nc6 3. Bc4 Nf6 4. d4 exd4 5. O-O Bc5 6. e5 Ng4 7. Bxf7+ Kxf7 8.
Ng5+ Kg8 9. Qxg4 Nxe5 10. Qe4 d6 11. Kh1 h6 12. Qd5+ Kf8 13. f4 Qf6 14. Nd2 Ng4
15. Nde4 Qg6 16. Nxc5 dxc5 17. Qxc5+ Qd6 18. Qxd6+ cxd6 19. Ne4 Bf5 20. Nxd6
Bxc2 21. Nxb7 Re8 22. h3 Bd3 23. Rg1 h5 24. b3 Re2 25. Ba3+ Kf7 26. Rge1 Rxe1+
27. Rxe1 Be4 28. Nd6+ Kg6 29. Nxe4 Re8 30. hxg4 hxg4 31. Bb2 d3 32. f5+ Kh7 33.
Ng5+ Kh6 34. Rxe8 Kxg5 35. Rd8 Kxf5 36. Bd4 Ke4 37. Bxa7 g5 38. b4 1-0

[Event "2016 Alberta Women's Championship"]
[Site "Edmonton"]
[Date "2016.08.27"]
[Round "3"]
[White "Mo, Michelle"]
[Black "Matras-Clement, Agnieszka"]
[Result "0-1"]
[WhiteElo "1534"]
[BlackElo "2308"]
[PlyCount "72"]
[EventDate "2016.08.27"]
[EventType "tourn"]
[EventRounds "3"]
[EventCountry "CAN"]

1. e4 c5 2. Nf3 Nc6 3. Bb5 e6 4. Bxc6 bxc6 5. d3 d5 6. c3 Nf6 7. Bg5 dxe4 8.
Bxf6 Qxf6 9. dxe4 Ba6 10. b3 Rd8 11. Qc1 Bd6 12. Nbd2 Bd3 13. Qb2 Bf4 14. Nc4
Bxe4 15. Rd1 Rxd1+ 16. Kxd1 Bxf3+ 17. gxf3 O-O 18. Ke2 Rd8 19. Rd1 Rxd1 20.
Kxd1 Bxh2 21. Ke2 h5 22. Ne3 Be5 23. Qd2 Bxc3 24. Qd6 Bd4 25. Ng2 Qg6 26. Nf4
Qc2+ 27. Ke1 Qxf2+ 28. Kd1 Qxf3+ 29. Kd2 Be3+ 30. Kc2 Qxf4 31. Qxc6 h4 32. Qa8+
Kh7 33. Qxa7 Qe4+ 34. Kc3 Qd4+ 35. Kc2 Qd2+ 36. Kb1 Qc1# 0-1

[Event "Under 1800"]
[Site "Edmonton"]
[Date "2016.08.27"]
[Round "1.5"]
[White "Hughey, Leah"]
[Black "Zhang, Dan"]
[Result "1-0"]
[WhiteElo "1639"]
[BlackElo "1294"]
[PlyCount "143"]
[EventDate "2016.08.27"]
[EventType "swiss"]
[EventRounds "5"]
[EventCountry "CAN"]

1. c4 e5 2. Nc3 Nf6 3. Nf3 Nc6 4. g3 Bc5 5. Bg2 O-O 6. O-O d5 7. cxd5 Nxd5 8.
d3 Be6 9. Ng5 Nxc3 10. bxc3 Bf5 11. Qb3 Bb6 12. Bd5 Bg6 13. Be4 Bxe4 14. Nxe4
Qd7 15. Bg5 Na5 16. Qa3 Qg4 17. Be7 Rfe8 18. e3 Qd7 19. Bc5 Bxc5 20. Nxc5 Qd6
21. Qxa5 b6 22. Ne4 bxa5 23. Nxd6 cxd6 24. Rab1 Rab8 25. Rfc1 Rec8 26. Kf1 Kf8
27. c4 Ke7 28. Ke2 Rb6 29. Rxb6 axb6 30. Rb1 Rc6 31. Rb5 Kf6 32. Kf3 Kf5 33.
g4+ Kg5 34. Kg3 f5 35. f4+ Kf6 36. g5+ Ke6 37. h4 g6 38. h5 Kf7 39. fxe5 dxe5
40. Rxe5 gxh5 41. Rxf5+ Kg6 42. Rf6+ Rxf6 43. gxf6 Kxf6 44. d4 Kf5 45. d5 Ke5
46. Kh4 Kd6 47. e4 b5 48. cxb5 Kc5 49. Kxh5 Kxb5 50. d6 Kc6 51. e5 Kd7 52. Kh6
a4 53. Kxh7 Ke6 54. Kg6 a3 55. Kg5 Kxe5 56. d7 Kd4 57. d8=Q+ Kc3 58. Qb6 Kc4
59. Qb3+ Kc5 60. Qxa3+ Kc4 61. Qb3+ Kc5 62. a4 Kc6 63. a5 Kd6 64. a6 Ke5 65. a7
Kd4 66. a8=Q Kc5 67. Qc8+ Kd4 68. Qd1+ Ke3 69. Qe8+ Kf2 70. Qde1+ Kg2 71. Q8e2+
Kh3 72. Qh4# 1-0

[Event "Under 1800"]
[Site "Edmonton"]
[Date "2016.08.27"]
[Round "2.1"]
[White "Koperski, Dustin"]
[Black "Rohatynski, Jordan"]
[Result "1/2-1/2"]
[WhiteElo "1756"]
[BlackElo "1572"]
[PlyCount "103"]
[EventDate "2016.08.27"]
[EventType "swiss"]
[EventRounds "5"]
[EventCountry "CAN"]

1. e4 d6 2. d4 Nf6 3. Nc3 Nbd7 4. Be3 c6 5. f3 b5 6. Bd3 e5 7. d5 cxd5 8. Nxd5
Nxd5 9. exd5 Qa5+ 10. Kf1 a6 11. Qe1 Qxe1+ 12. Kxe1 Nc5 13. Bxc5 dxc5 14. c4 b4
15. b3 g6 16. Ne2 Bg7 17. Rd1 O-O 18. Kf2 f5 19. Bb1 Bb7 20. Rhe1 Rf6 21. Kg1
Rd6 22. Nc1 e4 23. fxe4 Bd4+ 24. Kh1 fxe4 25. Rxe4 a5 26. Rde1 Rf6 27. Re8+
Rxe8 28. Rxe8+ Kf7 29. Re1 Bc8 30. Ne2 Bf2 31. Rf1 Bg4 32. Ng3 Bxg3 33. Rxf6+
Kxf6 34. hxg3 Ke5 35. Kg1 Kd4 36. Kf2 Kc3 37. Ke3 Kb2 38. Kf4 Bd7 39. Ke5 Kxb1
40. Kd6 Bf5 41. Kxc5 Kxa2 42. Kb5 Kxb3 43. c5 a4 44. c6 a3 45. d6 a2 46. d7
a1=Q 47. d8=Q Qe5+ 48. Kb6 Qe3+ 49. Kb7 Qxg3 50. Qd5+ Ka3 51. Qa5+ Kb3 52. Qd5+
1/2-1/2

[Event "Under 1800"]
[Site "Edmonton"]
[Date "2016.08.27"]
[Round "2.3"]
[White "Ivanescu, Mark"]
[Black "Hughey, Leah"]
[Result "0-1"]
[WhiteElo "1584"]
[BlackElo "1639"]
[PlyCount "92"]
[EventDate "2016.08.27"]
[EventType "swiss"]
[EventRounds "5"]
[EventCountry "CAN"]

1. d4 Nf6 2. Nf3 e6 3. Bf4 b6 4. e3 Bb7 5. Bd3 Nc6 6. c3 Be7 7. h3 d6 8. Nbd2
e5 9. Bh2 exd4 10. exd4 d5 11. Ne5 Nxe5 12. Bxe5 O-O 13. Qc2 Re8 14. O-O g6 15.
Nf3 Bf8 16. Rfe1 Rc8 17. Re2 Nd7 18. Rae1 Nxe5 19. Rxe5 Rxe5 20. Nxe5 c5 21.
Nf3 Bg7 22. dxc5 bxc5 23. Qe2 d4 24. c4 Qb6 25. b3 Qa5 26. Qd2 Qc7 27. Qe2 Qf4
28. Ne5 Re8 29. g3 Qxe5 30. Qxe5 Rxe5 31. Rxe5 Bxe5 32. f4 Bg7 33. g4 f6 34.
Kf2 Kf7 35. f5 g5 36. Be2 Be4 37. Bf3 Bxf3 38. Kxf3 Bf8 39. Ke4 Ke7 40. b4 Kd7
41. b5 Kc7 42. Kd3 Kb6 43. Kc2 Ka5 44. Kb3 Bd6 45. Kc2 Bf4 46. Kb3 d3 0-1

[Event "Under 1800"]
[Site "Edmonton"]
[Date "2016.08.27"]
[Round "3.1"]
[White "Ivanescu, Cristian"]
[Black "Koperski, Dustin"]
[Result "1-0"]
[WhiteElo "1738"]
[BlackElo "1756"]
[PlyCount "29"]
[EventDate "2016.08.27"]
[EventType "swiss"]
[EventRounds "5"]
[EventCountry "CAN"]

1. d4 Nf6 2. Nf3 c5 3. d5 b5 4. Bg5 Ne4 5. Bh4 Qa5+ 6. c3 b4 7. Qc2 bxc3 8.
Nxc3 Nxc3 9. Qxc3 Qxc3+ 10. bxc3 d6 11. e4 g6 12. Rb1 Bg7 13. Kd2 Nd7 14. Bb5
h6 15. Bc6 1-0

[Event "Under 1800"]
[Site "Edmonton"]
[Date "2016.08.28"]
[Round "4.1"]
[White "Hughey, Leah"]
[Black "Ivanescu, Cristian"]
[Result "1/2-1/2"]
[WhiteElo "1639"]
[BlackElo "1738"]
[PlyCount "115"]
[EventDate "2016.08.27"]
[EventType "swiss"]
[EventRounds "5"]
[EventCountry "CAN"]

1. e4 e6 2. d4 d5 3. Nc3 Nf6 4. Bg5 Bb4 5. e5 h6 6. exf6 hxg5 7. fxg7 Rg8 8.
Qh5 Qf6 9. Nf3 Nc6 10. Bb5 Bd7 11. Bxc6 Bxc6 12. Qxg5 Qxg5 13. Nxg5 Rxg7 14. h4
Ke7 15. g3 e5 16. O-O-O e4 17. Rhe1 Kd6 18. Re3 Bd7 19. Rh1 c5 20. Ngxe4+ dxe4
21. dxc5+ Kxc5 22. Nxe4+ Kb6 23. Rb3 a5 24. Rd1 Kc7 25. a3 Be6 26. Rbd3 Be7 27.
Rc3+ Kb6 28. Nd6 Rg6 29. Nc4+ Bxc4 30. Rxc4 Bc5 31. Rf4 f6 32. Rd5 Re8 33. Kd1
Kc6 34. Rff5 Re5 35. Rdxe5 fxe5 36. Ke2 Kd6 37. Kf3 Ke6 38. Ke4 Rg4+ 39. f4 Bd6
40. Rg5 Rxg5 41. hxg5 b6 42. a4 exf4 43. gxf4 Bc5 44. f5+ Kf7 45. c3 Ke7 46.
Kd5 Be3 47. g6 Kf6 48. Kc6 Bc1 49. Kxb6 Bxb2 50. c4 Kxf5 51. c5 Kxg6 52. c6 Be5
53. Kxa5 Kf7 54. Kb6 Ke7 55. c7 Kd7 56. a5 Bxc7+ 57. Kb5 Bxa5 58. Kxa5 1/2-1/2

[Event "Under 1800"]
[Site "Edmonton"]
[Date "2016.08.28"]
[Round "5.2"]
[White "Kadavil, Suresh"]
[Black "Ivanescu, Cristian"]
[Result "1-0"]
[WhiteElo "1681"]
[BlackElo "1738"]
[PlyCount "83"]
[EventDate "2016.08.27"]
[EventType "swiss"]
[EventRounds "5"]
[EventCountry "CAN"]

1. b3 Nc6 2. Bb2 d5 3. e3 e5 4. Nf3 Bg4 5. h3 Bxf3 6. Qxf3 Be7 7. Bb5 Bf6 8.
Nc3 Nge7 9. e4 O-O 10. exd5 Nb4 11. O-O-O Nbxd5 12. Ne4 c6 13. Bd3 Qa5 14. Qh5
Ng6 15. Ng5 Bxg5 16. Qxg5 Nb4 17. Bxg6 fxg6 18. a3 Na6 19. f3 Rae8 20. Rhe1 Rf5
21. Qe3 Nc7 22. g4 Rf7 23. Qg5 Rxf3 24. d4 Ne6 25. Rxe5 Qc7 26. Qh4 Qf7 27. g5
Rf4 28. Qe1 Nc7 29. Qa5 Nb5 30. Rxe8+ Qxe8 31. a4 Qe3+ 32. Kb1 Qe2 33. Re1 Rf1
34. Qd8+ Kf7 35. Rxf1+ Qxf1+ 36. Ka2 Qxh3 37. axb5 Qf5 38. Qc7+ Ke6 39. bxc6
bxc6 40. Qxc6+ Kf7 41. d5 Qxg5 42. Qe6+ 1-0

[Event "Under 1800"]
[Site "Edmonton"]
[Date "2016.08.28"]
[Round "5.3"]
[White "Koperski, Dustin"]
[Black "Macdonald, Dean"]
[Result "1-0"]
[WhiteElo "1756"]
[BlackElo "1406"]
[PlyCount "59"]
[EventDate "2016.08.27"]
[EventType "swiss"]
[EventRounds "5"]
[EventCountry "CAN"]

1. e4 c5 2. d4 cxd4 3. c3 Nc6 4. Nf3 e5 5. cxd4 exd4 6. Nxd4 Nf6 7. Nxc6 bxc6
8. Bd3 Bc5 9. O-O O-O 10. Bg5 d6 11. Qc2 Qe7 12. Nc3 Bb7 13. e5 dxe5 14. Bxf6
Qxf6 15. Ne4 Bxf2+ 16. Rxf2 Qd8 17. Nc5 Bc8 18. Bxh7+ Kh8 19. Bf5 Qg5 20. Bxc8
Raxc8 21. Qf5 Qe3 22. Ne4 f6 23. Qh5+ Kg8 24. Qe2 Qh6 25. Rf3 f5 26. Qc4+ Rf7
27. Rxf5 Rcf8 28. Raf1 Qe3+ 29. Kh1 Qe2 30. Qxe2 1-0